00239nam a2200097Ia 4500008004100000100002200041245004500063260000900108942000700117999001700124190216s9999||||xx |||||||||||||| ||und|| aBalakrishnan Nair 0aSwarajyabhimani Athava Veluthambi Dalava bNull cBK c24574d24574